LEADER 02641nam 2200541 450 001 9910819686303321 005 20230803034657.0 010 $a0-309-28309-4 035 $a(CKB)3710000000103359 035 $a(EBL)3379221 035 $a(SSID)ssj0001213725 035 $a(PQKBManifestationID)11686914 035 $a(PQKBTitleCode)TC0001213725 035 $a(PQKBWorkID)11253532 035 $a(PQKB)11232341 035 $a(MiAaPQ)EBC3379221 035 $a(Au-PeEL)EBL3379221 035 $a(CaPaEBR)ebr10863875 035 $a(OCoLC)919636709 035 $a(EXLCZ)993710000000103359 100 $a20140507h20132013 uy| 0 101 0 $aeng 135 $aurcnu|||||||| 181 $ctxt 182 $cc 183 $acr 200 00$aAcute exposure guideline levels for selected airborne chemicals$hVolume 14 /$fCommittee on Acute Exposure Guideline Levels, Committee on Toxicology, Board on Environmental Studies and Toxicology, Division on Earth and Life Studies, National Research Council of the National Academies 210 1$aWashington, DC :$cThe National Academies Press,$d[2013] 210 4$d©2013 215 $a1 online resource (290 p.) 300 $aDescription based upon print version of record. 311 $a0-309-28308-6 320 $aIncludes bibliographical references. 327 $a""Front Matter""; ""Preface""; ""Contents""; ""Acute Exposure Guideline Levels for Selected Airborne Chemicals Volume 14""; ""National Research Council Committee Review of Acute Exposure Guideline Levels of Selected Airborne Chemicals""; ""Appendixes""; ""1 Agent BZ (3-Quinuclidinyl Benzilate) Acute Exposure Guideline Levels""; ""2 Ethyl Phosphorodichloridate Acute Exposure Guideline Levels""; ""3 n-Hexane Acute Exposure Guideline Levels""; ""4 Methanesulfonyl Chloride Acute Exposure Guideline Levels""; ""5 Nitric Acid Acute Exposure Guideline Levels"" 327 $a""6 Propargyl Alcohol Acute Exposure Guideline Levels""""7 Vinyl Acetate Acute Exposure Guideline Levels"" 606 $aGases, Asphyxiating and poisonous$vCongresses 615 0$aGases, Asphyxiating and poisonous 676 $a615.91 712 02$aNational Research Council (U.S.).$bCommittee on Acute Exposure Guideline Levels, 712 02$aNational Research Council (U.S.).$bBoard on Environmental Studies and Toxicology, 712 02$aNational Research Council (U.S.).$bCommittee on Toxicology, 801 0$bMiAaPQ 801 1$bMiAaPQ 801 2$bMiAaPQ 906 $aBOOK 912 $a9910819686303321 996 $aAcute exposure guideline levels for selected airborne chemicals$92610632 997 $aUNINA LEADER 01988nam0 22003973i 450 001 VAN0175673 005 20230616084425.543 017 70$2N$a9783319320687 100 $a20210705d2016 |0itac50 ba 101 $aeng 102 $aCH 105 $a|||| ||||| 200 1 $aˆThe ‰Principles of Quantum Theory, From Planck's Quanta to the Higgs Boson$ethe Nature of Quantum Reality and the Spirit of Copenhagen$fArkady Plotnitsky 210 $aCham$cSpringer$d2016 215 $axxxiv, 313 p.$d24 cm 500 1$3VAN0175674$aˆThe ‰Principles of Quantum Theory, From Planck's Quanta to the Higgs Boson$91818783 606 $a81-XX$xQuantum theory [MSC 2020]$3VANC019967$2MF 606 $a00A79 (77-XX)$xPhysics [MSC 2020]$3VANC023182$2MF 606 $a81P05$xGeneral and philosophical questions in quantum theory [MSC 2020]$3VANC023344$2MF 606 $a81V25$xOther elementary particle theory in quantum theory [MSC 2020]$3VANC034012$2MF 610 $aInterpretation of Quantum Mechanics$9KW:K 610 $aPrinciple thinking in theoretical physics$9KW:K 610 $aThe nature of quantum probability$9KW:K 610 $aThe relationships between mathematics and physics$9KW:K 610 $aThe role of causality in physics$9KW:K 620 $aCH$dCham$3VANL001889 700 1$aPlotnitsky$bArkady$3VANV158423$0814131 712 $aSpringer $3VANV108073$4650 801 $aIT$bSOL$c20240614$gRICA 856 4 $uhttp://doi.org/10.1007/978-3-319-32068-7$zE-book ? Accesso al full-text attraverso riconoscimento IP di Ateneo, proxy e/o Shibboleth 899 $aBIBLIOTECA DEL DIPARTIMENTO DI MATEMATICA E FISICA$1IT-CE0120$2VAN08 912 $fN 912 $aVAN0175673 950 $aBIBLIOTECA DEL DIPARTIMENTO DI MATEMATICA E FISICA$d08CONS e-book 2898 $e08eMF2898 20210705 996 $aPrinciples of Quantum Theory, From Planck's Quanta to the Higgs Boson$91818783 997 $aUNICAMPANIA